AFL West Coast Eagles Player Numbers - Statistics

General Stats
  • This quiz has been taken 167 times
  • The average score is 10 of 47
Answer Stats
Hint Answer % Correct
Willem Duursma 1
73%
Harley Reid 9
73%
Liam Duggan 14
55%
Liam Baker 3
55%
Reuben Ginbey 7
55%
Tim Kelly 11
45%
Jamie Cripps 15
45%
Brady Hough 19
45%
Elliot Yeo 6
45%
Tyler Brockman 10
36%
Jake Waterman 2
36%
Brandon Starcevich 4
36%
Matthew Owies 16
27%
Jack Graham 17
27%
Elijah Hewett 8
27%
Noah Long 13
18%
Tom McCarthy 18
18%
Cooper Duff-Tytler 21
18%
Archer Reid 22
18%
Matt Flynn 25
18%
Bo Allan 26
18%
Tom Cole 28
18%
Jobe Shanahan 35
18%
Deven Robertson 40
18%
Jack Hutchinson 44
18%
Josh Lindsay 5
18%
Sam Allen 12
9%
Tylar Young 20
9%
Ryan Maric 23
9%
Clay Hall 29
9%
Jack Williams 34
9%
Hamish Davis 38
9%
Finlay Macrae 45
9%
Jacob Newton 46
9%
Harvey Johnston 24
0%
Tom Gross 27
0%
Harry Barnett 30
0%
Lucca Grego 31
0%
Bailey J. Williams 32
0%
Rhett Bazzo 33
0%
Tylah Williams 36
0%
Malakai Champion 37
0%
Fred Rodriguez 39
0%
Sandy Brock 41
0%
Harry Edwards 42
0%
Tyrell Dewar 43
0%
Harry Schoenberg 48
0%
No matching quizzes found
Score Distribution
Percent of People with Each Score
Percentile by Number Answered
Your Score History
You have not taken this quiz